| 000 | 01127nam a2200301 i 4500 | ||
|---|---|---|---|
| 001 | 174597 | ||
| 003 | ES-MaACL | ||
| 005 | 20250930063152.0 | ||
| 008 | 100510s1966 sp |||| | spa d | ||
| 080 | _a7.036.7(04) | ||
| 080 | _a7.01(04) | ||
| 100 | 1 |
_aPopovici, Cirilo L., _d1902-1995 _993104 |
|
| 245 | 1 | 0 |
_aEstética y arte abstracto / _cC.L. Popovici. |
| 260 |
_aMadrid : _bAteneo : _bEditora Nacional, _c1966. |
||
| 300 |
_aVII, 52 p., [1] h. ; _c20 cm. |
||
| 490 | 1 |
_aColección Ateneo ; _v35 |
|
| 594 | _aConferencia pronunciada en el Ateneo de Madrid el 25 de abril de 1966. | ||
| 598 | _aEn verso de anteport.: Esta colección la publica Editora Nacional. | ||
| 610 | 2 | 4 |
_aAteneo de Madrid- _vConferencias- _y1940-1982. _91908 |
| 650 | 7 |
_aArte abstracto _2embne _9142778 |
|
| 650 | 0 | 7 |
_aArte- _xFilosofía- _yS.XX. _910100 |
| 650 | 4 |
_aEstética- _yS.XX. _912540 |
|
| 710 | 2 |
_aAteneo de Madrid. _91875 |
|
| 830 | 0 |
_aColección Ateneo ; _v35 _9180032 |
|
| 852 | 4 |
_aES-MaACL _j2257-F-10 |
|
| 852 |
_aES-MaACL _jP-211-Ter-4-1 _z.- En lomo: 35-42 . - Enc. con otros títulos |
||
| 999 |
_c174597 _d174597 |
||